00445nam a2200145Ia 4500008004100000020001800041041000800059082001600067100003600083245004800119250000600167260006400173300001500237650004700252210716s2011 xx 000 0 und d a9780071078016 aeng a332.64 SASK aSasidharan, K; Mathews, Alex K. aSecurity analysis and portfolio management. a1 aNew DelhibTata McGraw Hill Education Private Limitedc2011 axxviii,680 aInvestment Analysis & Portfolio Management